Programming in Assembly Langugage on the IBM PC (Record no. 82983)

MARC details
000 -LEADER
fixed length control field 00308nam a2200109Ia 4500
008 - FIXED-LENGTH DATA ELEMENTS--GENERAL INFORMATION
fixed length control field 221102s9999 xx 000 0 und d
041 ## - LANGUAGE CODE
Language code of text/sound track or separate title eng
082 ## - DEWEY DECIMAL CLASSIFICATION NUMBER
Item number Tro
100 ## - MAIN ENTRY--PERSONAL NAME
Personal name Tropper Richard
9 (RLIN) 95853
245 ## - TITLE STATEMENT
Title Programming in Assembly Langugage on the IBM PC
260 ## - PUBLICATION, DISTRIBUTION, ETC. (IMPRINT)
Name of publisher, distributor, etc. Jaico Publication House
Holdings
Withdrawn status Lost status Damaged status Not for loan Home library Current library Date acquired Full call number Barcode Date last seen Bill Date Koha item type Original Barcode
        College Of Computer Application For Women , Satara College Of Computer Application For Women , Satara 17/11/2021 TRO BCAS-D-44 04/11/2022 04/11/2022 Donated Book D00044